000 00801nam a2200229 a 4500
001 BRCA_7245
005 20190320205752.0
008 250112s1946----mx-a######---#000-0#spa-#
041 _aspa
044 _amx
050 4 _aPQ4563
_b.C67 1946
245 1 0 _aCorrespondencia privada y sonetos lujuriosos
_cPietro Aretino; datos biográficos, noticias y comentarios por Isidore Liseux.
260 _aMéxico
_bRenacimiento
_c1946
300 _a139 p.
_bil., 8 láminas, retratos
_c29 cm.
500 _aIncluye 8 reproducciones de obras de Tiziano y Rafael en laminas fuera de texto
500 _aP152
600 1 4 _aAretino, Pietro
_d1492-1556
_vCorrespondencia, memorias, etc.
_917954
650 1 4 _aLiteratura erótica
_917930
730 0 _aSonetos lujuriosos
_917955
902 _aGFM
942 _2lcc
_cB
999 _c6926
_d6926